Čaj o piatej ráno Kapitoly z rovnomenného románu

Bibliographic Details
Main Author: Jacinevičius, Leonidas (Author)
Other Authors: Tokár, Milan, 1940- (Translator)
Format: Article
Language:Slovak
PhysicalDescription:Fot. 1.
Subjects:

MARC

LEADER 00000nab a2200000 a 4500
001 vtls000149943
003 SK-MaSNL
005 20260303175619.0
008 111104c1983 xo 0 slo
015 |a SNBRB19rr/mm-uuuuu 
035 |a CL0160050 
040 |a SNKBUCL  |b slo  |c SNKBUCL  |e AACR2 
041 0 |a slo 
044 |a xo  |c SK 
080 |a 888.2-3  |2 1981 
080 |a 82  |2 1981 
080 |a 888.2  |2 1981 
080 |a 929 Jacinevičius, Leonidas  |2 1981 
100 1 |a Jacinevičius, Leonidas  |4 aut  |9 925922 
245 1 0 |a Čaj o piatej ráno  |b Kapitoly z rovnomenného románu  |c Leonidas Jacinevičius ; Milan Tokár 
300 |b Fot. 1. 
500 |a Informácia o autorovi. 
600 1 7 |a Jacinevičius, Leonidas  |2 snkbucl  |9 925922 
650 0 7 |a romány psychologické  |2 snkbucl  |9 653970 
650 0 7 |a romány spoločenské  |2 snkbucl  |9 402806 
650 0 7 |a sovietska literatúra  |2 snkbucl  |9 22300 
655 7 |a články z novín a časopisov  |2 snkbucl  |9 267496 
655 7 |a články z odboru literárna veda a krásna literatúra  |2 snkbucl  |9 770045 
700 1 |a Tokár, Milan,  |d 1940-  |4 trl  |9 121104 
773 0 |t Sovětská literatura  |g Č. 2 (1983), s. 77-104 
850 |a Slovenská národná knižnica v Martine  |a MTA001 
852 |a SNK  |b KIS3GCP 
958 |a RK 
958 |a LX 
958 |a SU 
992 |a RBX 
999 |c 2102608  |d 2104538